02150cam a22003974i 4500003000900000005001700009008004100026020001500067020001800082035002000100040003300120082002200153245007700175264003500252300004500287336002100332337002500353338002300378504004800401504003300449505109300482526001001575526001001585526001001595526001001605526000801615526000801623526000801631526000801639526000801647526000801655526000801663650003501671650001901706700002701725PE-LiUPU20250731173115.0190320s2018 xxu rb 000 0 eng d a1628372028 a9781628372021 a(Sirsi) a251993 aPE-LiUPUbspacPE-LiUPUerda04a220.60996bS322300aSea of readings :bthe Bible in the South Pacific /ceditor Jione Havea. 1aAtlanta :bSBL Press,c[2018]. axiii, 235 páginas ;c23 centímetros. atext2rdacontent aunmediated2rdamedia avolume2rdacarrier aBibliografía al final de cada capítulo. aÍndice: páginas 225-235.0 aIslander criticism : waters, ways, worries -- Island twists -- Island prodigals : encircling the void in Luke 15:11-32 with Albert Wendt -- Wet Bible : stor(y)ing Jonah with Sia Figiel -- Native texts : Samoan proverbial and wisdom sayings -- Ko e punake mo 'e ne ta'anga, pea mo e folofola (Composer, composition, and the canon) -- Island turns -- Lifting the tapu of sex : a tulou reading of the Song of Songs -- Brian Fiu Kolia -- Moses, both Hebrew and Egyptian : a Samoan Palagi reading of Exodus 2-3 -- Sipora (Zipporah), both native and foreigner : a marama iTaukei reading of Exodus 4:24-26 -- Not just a bimbo : a reading of Esther by a Singaporean immigrant in Aotearoa New Zealand -- The priestly ger (alien) meets the Samoan tagata ese (outsider) -- Jesus the fiaola (opportunity seeker) : a postcolonial Samoan reading of Matthew 7:24-8:22 -- Across the sea -- Is my island your island? : a response in three keys -- Not @ sea : finding and foraging among family resemblances across the oceans -- Going with the flow -- Ancient roots of the islander narrative of inferiority. aSEG42 aSEG41 aSEG40 aSEG39 aP94 aP87 aP86 aP85 aP77 aP76 aP3504aBiblia.pA.T.xAntigüedades.07aArqueología.1 aHavea, Jione,eeditor.